Statystyki dla Wszyscy zwycięscy mistrzostw Europy

Kliknij tutaj aby rozwiązać quiz!

Ogólne statystyki

  • Ten quiz został rozwiązany 202 razy
  • Średni wynik to 14 z 16

Statystyki odpowiedzi

HintOdpowiedź% Poprawnych
2000Francja
98%
1984Francja
98%
1968Włochy
98%
2020Włochy
98%
1964Hiszpania
97%
2008Hiszpania
97%
2012Hiszpania
97%
2016Portugalia
97%
1972Niemcy
96%
1980Niemcy
96%
1996Niemcy
96%
2004Grecja
88%
1988Holandia
75%
1992Dania
68%
1960ZSRR
59%
1976Czechosłowacja
51%

Rozkład punktacji

Percentyl według liczby udzielonych odpowiedzi

Procent ludzi z każdym wynikiem

Twoja historia wyników

Nie rozwiązałeś tego quizu